[Event "44º Torneo Internacional de Ajedrez de La Roda"]
[Site "La Roda (Albacete) - ESPAÑA"]
[Date "2017.04.14"]
[Round "5"]
[Board "11"]
[White "Rottenwohrer Suarez, Juan"]
[Black "Suarez Gomez, Julio"]
[Result "1/2-1/2"]
[WhiteElo "2173"]
[BlackElo "2460"]
[PlyCount "111"]
[EventDate "2017.04.12"]
[EventRounds "9"]
[EventCountry "ESP"]

1. d4 e6 2. c4 Nf6 3. Nc3 Bb4 4. e3 d5 5. Qa4+ Nc6 6. a3 Bxc3+ 7. bxc3 O-O 8.
Nf3 Bd7 9. Qc2 Na5 10. cxd5 exd5 11. Bd3 Re8 12. O-O c5 13. Ne5 c4 14. Bf5 Nb3
15. Rb1 Bxf5 16. Qxf5 Qe7 17. Qc2 Nd7 18. Nf3 a5 19. Bb2 Ra6 20. Rbe1 Qe4 21.
Qe2 Rg6 22. Kh1 Nf6 23. Rg1 Rh6 24. a4 Ng4 25. h3 Rh5 26. Rgf1 Re6 27. Ng1 Qg6
28. Ba3 f5 29. Qf3 Nf6 30. Re2 Qe8 31. Ra2 Ne4 32. Bc1 Nxc3 33. Rc2 Ne4 34. Ne2
Rd6 35. Qf4 Rhh6 36. f3 Nxc1 37. Nxc1 Rdf6 38. Qc7 Rf7 39. Qf4 Nd6 40. Qe5 Qxa4
41. Rff2 Qc6 42. Ne2 Rf8 43. Nf4 Re8 44. Qxd5+ Qxd5 45. Nxd5 b5 46. Ra2 Nb7 47.
Nc7 Rxe3 48. Nxb5 Rb6 49. Nc7 Rb1+ 50. Kh2 Ree1 51. Kg3 g5 52. h4 h6 53. Rfc2
Rb4 54. Nd5 Rb5 55. Nc7 Rb4 56. Nd5 1/2-1/2

[Event "44º Torneo Internacional de Ajedrez de La Roda"]
[Site "La Roda (Albacete) - ESPAÑA"]
[Date "2017.04.14"]
[Round "5"]
[Board "12"]
[White "Cifuentes Parada, Roberto"]
[Black "Castellanos Gomez, Alejandro"]
[Result "1-0"]
[WhiteElo "2467"]
[BlackElo "2228"]
[PlyCount "155"]
[EventDate "2017.04.12"]
[EventRounds "9"]
[EventCountry "ESP"]

1. d4 d5 2. Nf3 Nf6 3. c4 e6 4. e3 Be7 5. Nc3 O-O 6. Bd3 c5 7. dxc5 dxc4 8.
Bxc4 Qxd1+ 9. Kxd1 Bxc5 10. a3 Nc6 11. b4 Bb6 12. Bb2 Bd7 13. Ke2 Rac8 14. Bb3
a6 15. Rac1 Ne7 16. Ne5 Be8 17. Rhd1 Ng6 18. Nc4 Bc7 19. Nd6 Bxd6 20. Rxd6 Ne5
21. Rd4 Bc6 22. f3 h5 23. a4 Rfd8 24. b5 Be8 25. Rcd1 Rxd4 26. Rxd4 Ned7 27.
Rc4 Rxc4 28. Bxc4 Nc5 29. a5 axb5 30. Nxb5 Nd5 31. Nd6 Bc6 32. Kd2 Nc7 33. e4
Ne8 34. Nc8 Bd7 35. Nb6 Bc6 36. Ba3 Nd7 37. Nc8 Ba4 38. f4 Kh7 39. e5 Nb8 40.
g3 g6 41. Be2 Bc6 42. Kc3 Nc7 43. Bd6 Nd5+ 44. Kd4 Nd7 45. Na7 Ba4 46. Ba3 Nb8
47. Kc5 Kg7 48. Kd6 Kg8 49. Bc5 Na6 50. Bf3 Nac7 51. Bb6 Nb5+ 52. Kc5 Nxa7 53.
Bxa7 Kf8 54. Bxd5 exd5 55. Kb6 d4 56. Kxb7 d3 57. Be3 Ke7 58. a6 Ke6 59. a7 Kd5
60. a8=Q Bc6+ 61. Kb8 Bxa8 62. Kxa8 Ke4 63. Bd2 Kf3 64. Kb7 Kg2 65. Kc6 Kxh2
66. Kd7 Kxg3 67. Ke7 h4 68. Kxf7 h3 69. e6 h2 70. e7 h1=Q 71. e8=Q Qb7+ 72.
Kxg6 Qb6+ 73. Kg5 Qc5+ 74. f5 Kf3 75. Qe1 Kg2 76. Qe4+ Kf2 77. Kf4 Qb5 78. Qf3+
 1-0

[Event "44º Torneo Internacional de Ajedrez de La Roda"]
[Site "La Roda (Albacete) - ESPAÑA"]
[Date "2017.04.14"]
[Round "5"]
[Board "13"]
[White "Moreno Ruiz, Javier"]
[Black "Serarols Mabras, Bernat"]
[Result "1/2-1/2"]
[WhiteElo "2454"]
[BlackElo "2246"]
[PlyCount "75"]
[EventDate "2017.04.12"]
[EventRounds "9"]
[EventCountry "ESP"]

1. d4 Nf6 2. c4 e6 3. Nc3 Bb4 4. Qc2 O-O 5. Nf3 c5 6. dxc5 Na6 7. g3 Nxc5 8.
Bg2 Nce4 9. O-O Nxc3 10. bxc3 Bc5 11. Nd4 Qe7 12. Nb3 d6 13. Nxc5 dxc5 14. Rb1
Rb8 15. Qa4 b6 16. Bg5 Rd8 17. Rfd1 Rxd1+ 18. Rxd1 h6 19. Bxf6 gxf6 20. Qa3 Qc7
21. Qc1 Kg7 22. Rd3 Ba6 23. Qd2 Bxc4 24. Rd7 Qe5 25. e3 b5 26. h3 b4 27. cxb4
Rxb4 28. Rxa7 Bd5 29. Bxd5 exd5 30. Qe2 Qe4 31. Kh2 Rb1 32. Qg4+ Qxg4 33. hxg4
d4 34. exd4 cxd4 35. Kg2 d3 36. Rd7 Ra1 37. Rxd3 Rxa2 38. Re3 1/2-1/2

[Event "44º Torneo Internacional de Ajedrez de La Roda"]
[Site "La Roda (Albacete) - ESPAÑA"]
[Date "2017.04.14"]
[Round "5"]
[Board "14"]
[White "Campora, Daniel H."]
[Black "Picazo Lopez, Juan Antonio"]
[Result "1/2-1/2"]
[WhiteElo "2439"]
[BlackElo "2214"]
[PlyCount "107"]
[EventDate "2017.04.12"]
[EventRounds "9"]
[EventCountry "ESP"]

1. e4 d5 2. exd5 Nf6 3. d4 Nxd5 4. Nf3 g6 5. Be2 Bg7 6. O-O O-O 7. Re1 Nc6 8.
Na3 Nb6 9. c3 e5 10. dxe5 Nxe5 11. Bf4 Nxf3+ 12. Bxf3 Qxd1 13. Raxd1 c6 14. Be5
Be6 15. Bxg7 Kxg7 16. b3 Rfd8 17. Nc2 Rxd1 18. Rxd1 a5 19. Nd4 Bd5 20. Be2 f5
21. c4 Bf7 22. f4 Kf6 23. Nf3 a4 24. Ne5 axb3 25. axb3 Be6 26. Kf2 Ke7 27. Ke3
Nd7 28. Nxd7 Bxd7 29. Kd4 Kd6 30. Bf3 Be6 31. Kc3+ Kc7 32. Re1 Kd6 33. h4 h5
34. c5+ Kd7 35. Rd1+ Ke7 36. Rd4 Ra5 37. Rb4 Rxc5+ 38. Kd4 Rb5 39. Rxb5 cxb5
40. b4 b6 41. Be2 Bd7 42. Kd5 Be8 43. Bf3 Bd7 44. Ke5 Be6 45. Bc6 Bc4 46. Bd5
Bf1 47. Kd4 Be2 48. Ke3 Bc4 49. Bc6 Bf1 50. Kd4 Bc4 51. Ke5 Bf1 52. Bb7 Bd3 53.
Kd4 Be2 54. Ke5 1/2-1/2

[Event "44º Torneo Internacional de Ajedrez de La Roda"]
[Site "La Roda (Albacete) - ESPAÑA"]
[Date "2017.04.14"]
[Round "5"]
[Board "15"]
[White "Collazo Hidalgo-Gato, Niala"]
[Black "Ramiro Ovejero, Juan Luis"]
[Result "0-1"]
[WhiteElo "2213"]
[BlackElo "2398"]
[PlyCount "108"]
[EventDate "2017.04.12"]
[EventRounds "9"]
[EventCountry "ESP"]

1. e4 d6 2. Nc3 c5 3. g3 Nc6 4. Bg2 g6 5. d3 Bg7 6. Nh3 e6 7. O-O Nge7 8. f4
O-O 9. Be3 Nd4 10. Qd2 d5 11. f5 exf5 12. exd5 b6 13. Bg5 f6 14. Bh6 g5 15.
Bxg7 Kxg7 16. Rae1 Bb7 17. Re3 Rf7 18. d6 Ng6 19. Bxb7 Rxb7 20. Qg2 Rab8 21.
Nd5 Qxd6 22. c3 Rd7 23. c4 Ne7 24. Nc3 Qc6 25. Qxc6 Ndxc6 26. Kg2 Rbd8 27. Rfe1
Kf7 28. Nf2 Nb4 29. R3e2 Ng6 30. Rf1 Re7 31. Rxe7+ Nxe7 32. h4 gxh4 33. gxh4
Nxd3 34. Rd1 Nf4+ 35. Kf3 Rxd1 36. Nfxd1 Nfg6 37. Nd5 Nxh4+ 38. Kg3 Nxd5 39.
Kxh4 Nb4 40. Kg3 Ke6 41. Nc3 Ke5 42. b3 Kd4 43. Nb5+ Ke3 44. Kg2 f4 45. Nc3 Kd3
46. Nd5 Nxd5 47. cxd5 Ke2 48. d6 f3+ 49. Kg3 f2 50. d7 f1=Q 51. d8=Q Qg1+ 52.
Kh3 Qe3+ 53. Kh2 Qh6+ 54. Kg3 Qg5+ 0-1

[Event "44º Torneo Internacional de Ajedrez de La Roda"]
[Site "La Roda (Albacete) - ESPAÑA"]
[Date "2017.04.14"]
[Round "5"]
[Board "16"]
[White "Trigo Urquijo, Sergio"]
[Black "Vila Dupla, Aurelio"]
[Result "1-0"]
[WhiteElo "2397"]
[BlackElo "2203"]
[PlyCount "53"]
[EventDate "2017.04.12"]
[EventRounds "9"]
[EventCountry "ESP"]

1. e4 c5 2. Nf3 d6 3. Bb5+ Bd7 4. Bxd7+ Nxd7 5. O-O Ngf6 6. Qe2 e6 7. c4 Ne5 8.
d3 Nfd7 9. Nxe5 Nxe5 10. f4 Nc6 11. Nc3 Be7 12. Be3 Bf6 13. Rae1 Nd4 14. Qd2
O-O 15. Kh1 a6 16. Bg1 Rb8 17. e5 dxe5 18. fxe5 Bg5 19. Qd1 b6 20. Ne4 Nc6 21.
Qh5 h6 22. Be3 Bxe3 23. Rxe3 Qd4 24. Rg3 Nxe5 25. Qxh6 Ng6 26. Qh5 Qe5 27. Qxe5
 1-0

[Event "44º Torneo Internacional de Ajedrez de La Roda"]
[Site "La Roda (Albacete) - ESPAÑA"]
[Date "2017.04.14"]
[Round "5"]
[Board "17"]
[White "Nieves Cabanes, Jose Manuel"]
[Black "Guerra Rivera, Salvador"]
[Result "1-0"]
[WhiteElo "2206"]
[BlackElo "2358"]
[PlyCount "49"]
[EventDate "2017.04.12"]
[EventRounds "9"]
[EventCountry "ESP"]

1. Nf3 Nf6 2. c4 e6 3. g3 d5 4. Bg2 dxc4 5. Qa4+ Bd7 6. Qxc4 Bc6 7. Nc3 Be7 8.
O-O O-O 9. e4 Nbd7 10. Rd1 Nb6 11. Qe2 Na4 12. Nxa4 Bxa4 13. b3 Be8 14. d4 c6
15. Bb2 Qb6 16. Ne5 Rd8 17. Rac1 c5 18. Nc4 Qc7 19. d5 exd5 20. exd5 Bb5 21.
Be5 Bxc4 22. bxc4 Qb6 23. Rb1 Qa6 24. d6 Bxd6 25. Bxb7 1-0

[Event "44º Torneo Internacional de Ajedrez de La Roda"]
[Site "La Roda (Albacete) - ESPAÑA"]
[Date "2017.04.14"]
[Round "5"]
[Board "18"]
[White "Chueca Forcen, Alberto"]
[Black "Tudela Corbalan, Carlos"]
[Result "1/2-1/2"]
[WhiteElo "2356"]
[BlackElo "2175"]
[PlyCount "143"]
[EventDate "2017.04.12"]
[EventRounds "9"]
[EventCountry "ESP"]

1. d4 g6 2. Bf4 Bg7 3. e3 d6 4. Nf3 Nf6 5. Be2 O-O 6. O-O Nfd7 7. h3 e5 8. Bh2
Qe7 9. c4 a5 10. Nc3 c6 11. Qc2 Na6 12. a3 f5 13. Rfd1 Kh8 14. Rab1 Nc7 15. b4
axb4 16. axb4 Ne8 17. dxe5 dxe5 18. c5 g5 19. Nd2 b5 20. Ra1 Rxa1 21. Rxa1 Ndf6
22. Nb3 h5 23. Ra8 Bd7 24. Ra7 Qe6 25. Na5 f4 26. Qg6 g4 27. hxg4 hxg4 28. exf4
exf4 29. Bxf4 Nh7 30. Qxe6 Bxe6 31. Bd2 Bd4 32. Nd1 g3 33. Be3 Bxe3 34. fxe3
Bd5 35. Bf3 Ng5 36. Bxd5 cxd5 37. Nc6 Ne4 38. Ne7 Rf7 39. Ng6+ Kg7 40. Rxf7+
Kxf7 41. Nf4 Nc7 42. Nb2 Kf6 43. Kf1 Kf5 44. Nbd3 Nc3 45. Ke1 Ke4 46. Kd2 Nb1+
47. Ke2 Nc3+ 48. Kd2 Nb1+ 49. Kc2 Na3+ 50. Kd2 Nc4+ 51. Ke2 Nxe3 52. Nh5 Nf5
53. Nf6+ Kd4 54. c6 Kc4 55. Nd7 Nd4+ 56. Kd2 Nxc6 57. Ke3 d4+ 58. Ke4 Nxb4 59.
Nb6+ Kc3 60. Nxb4 Kxb4 61. Kxd4 Ne6+ 62. Ke3 Nc7 63. Kf4 Kc5 64. Nd7+ Kd6 65.
Ne5 Nd5+ 66. Ke4 Nc3+ 67. Kd4 Ne2+ 68. Ke4 Nc3+ 69. Kd4 b4 70. Nd3 Nd5 71. Nxb4
Nxb4 72. Ke4 1/2-1/2

[Event "44º Torneo Internacional de Ajedrez de La Roda"]
[Site "La Roda (Albacete) - ESPAÑA"]
[Date "2017.04.14"]
[Round "5"]
[Board "19"]
[White "Garcia Dorado, Alberto"]
[Black "Martin Duque, Jesus"]
[Result "0-1"]
[WhiteElo "2133"]
[BlackElo "2353"]
[PlyCount "72"]
[EventDate "2017.04.12"]
[EventRounds "9"]
[EventCountry "ESP"]

1. d4 Nf6 2. Nf3 c5 3. e3 e6 4. c4 d5 5. Nc3 Nc6 6. Bd3 cxd4 7. exd4 Be7 8. O-O
dxc4 9. Bxc4 O-O 10. a3 b6 11. d5 Na5 12. Ba2 exd5 13. Nxd5 Nxd5 14. Bxd5 Bb7
15. Bxb7 Nxb7 16. Be3 Bf6 17. Bd4 Nc5 18. b4 Ne6 19. Be5 Bxe5 20. Qxd8 Bxh2+
21. Kxh2 Rfxd8 22. Ra2 Rac8 23. Re1 g5 24. Re5 h6 25. Re3 Kg7 26. g3 Rc1 27.
Re1 Rc3 28. Ne5 h5 29. Kg2 Nd4 30. Re3 Rxe3 31. fxe3 Nf5 32. Kf2 Re8 33. Nc6
Rxe3 34. Nxa7 Rxg3 35. Nc8 h4 36. Nxb6 h3 0-1

[Event "44º Torneo Internacional de Ajedrez de La Roda"]
[Site "La Roda (Albacete) - ESPAÑA"]
[Date "2017.04.14"]
[Round "5"]
[Board "20"]
[White "Quintin Navarro, Alberto"]
[Black "Torres Boch, Jose F."]
[Result "1-0"]
[WhiteElo "2349"]
[BlackElo "2130"]
[PlyCount "47"]
[EventDate "2017.04.12"]
[EventRounds "9"]
[EventCountry "ESP"]

1. e4 c5 2. Nf3 d6 3. Bb5+ Bd7 4. Bxd7+ Qxd7 5. O-O Nc6 6. Re1 g6 7. c3 Bg7 8.
d4 Nf6 9. d5 Nb8 10. c4 O-O 11. Nc3 Na6 12. h3 Nc7 13. Qe2 e5 14. a3 Nh5 15. b4
b6 16. bxc5 bxc5 17. Rb1 Rab8 18. Bd2 Nf4 19. Bxf4 exf4 20. Qd2 h6 21. Rxb8
Rxb8 22. e5 dxe5 23. Nxe5 Qf5 24. Nc6 1-0

[Event "44º Torneo Internacional de Ajedrez de La Roda"]
[Site "La Roda (Albacete) - ESPAÑA"]
[Date "2017.04.15"]
[Round "6"]
[Board "1"]
[White "Andriasian, Zaven"]
[Black "Forcen Esteban, Daniel"]
[Result "1/2-1/2"]
[WhiteElo "2615"]
[BlackElo "2530"]
[PlyCount "27"]
[EventDate "2017.04.12"]
[EventRounds "9"]
[EventCountry "ESP"]

1. e4 e6 2. d4 d5 3. Nc3 Nf6 4. e5 Nfd7 5. f4 c5 6. Nf3 Be7 7. Be3 O-O 8. Qd2
b6 9. Be2 Nc6 10. O-O f5 11. dxc5 Nxc5 12. Nd4 Nxd4 13. Bxd4 Ba6 14. Bd3
 1/2-1/2

[Event "44º Torneo Internacional de Ajedrez de La Roda"]
[Site "La Roda (Albacete) - ESPAÑA"]
[Date "2017.04.15"]
[Round "6"]
[Board "2"]
[White "Guerra Mendez, Jose Angel"]
[Black "Baklan, Vladimir"]
[Result "1-0"]
[WhiteElo "2542"]
[BlackElo "2600"]
[PlyCount "125"]
[EventDate "2017.04.12"]
[EventRounds "9"]
[EventCountry "ESP"]

1. e4 e6 2. d4 d5 3. Nc3 Nf6 4. e5 Nfd7 5. f4 c5 6. Nf3 Nc6 7. Be3 a6 8. Qd2
Be7 9. Bd3 b5 10. O-O b4 11. Nd1 c4 12. Be2 O-O 13. b3 Nb6 14. Bf2 f6 15. exf6
Bxf6 16. Ne3 c3 17. Qd1 Be7 18. g3 a5 19. Ng4 Ba6 20. Re1 Qc8 21. h4 Re8 22.
Kg2 Nd7 23. Bxa6 Rxa6 24. Qd3 Nf8 25. Re2 Nd8 26. Nfe5 Nf7 27. Nxf7 Kxf7 28.
Rae1 Kg8 29. h5 Rd8 30. h6 g6 31. Ne5 Bf6 32. Nf3 Ra7 33. g4 Rf7 34. Bg3 Qb7
35. Rf2 Qc8 36. Qb5 Qa8 37. Ref1 Qa7 38. Qd3 Rdd7 39. Kh3 Qb6 40. Qe3 Qa6 41.
Bh4 Bxh4 42. Kxh4 Rb7 43. Ne5 Rf6 44. f5 exf5 45. Qg5 Qb6 46. Rxf5 Rxf5 47.
Rxf5 Ne6 48. Nxg6 hxg6 49. Qxg6+ Kh8 50. Qe8+ Kh7 51. Rf6 Qxd4 52. Qxe6 Qe4 53.
Qxe4+ dxe4 54. Re6 Rd7 55. Kh5 Rd2 56. Re7+ Kg8 57. Rxe4 Rxc2 58. Kg6 Kf8 59.
h7 Rh2 60. Rf4+ Ke7 61. Rc4 Rh4 62. Kg7 c2 63. h8=Q 1-0

[Event "44º Torneo Internacional de Ajedrez de La Roda"]
[Site "La Roda (Albacete) - ESPAÑA"]
[Date "2017.04.15"]
[Round "6"]
[Board "3"]
[White "Antal, Gergely"]
[Black "Vorobiov, Evgeny E."]
[Result "0-1"]
[WhiteElo "2523"]
[BlackElo "2584"]
[PlyCount "56"]
[EventDate "2017.04.12"]
[EventRounds "9"]
[EventCountry "ESP"]

1. e4 c5 2. Nf3 e6 3. b3 Nc6 4. Bb2 d5 5. exd5 exd5 6. Bb5 Nf6 7. O-O Be7 8.
Ne5 Qc7 9. Re1 O-O 10. h3 Ne4 11. Bxc6 bxc6 12. d3 Nxf2 13. Kxf2 Bh4+ 14. g3 f6
15. gxh4 fxe5+ 16. Kg2 e4 17. Re3 d4 18. Rxe4 Bxh3+ 19. Kxh3 Rf2 20. Qh1 Raf8
21. Nd2 Qd7+ 22. Kg3 Qd6+ 23. Kh3 Rxd2 24. Rae1 Rf3+ 25. Qxf3 Rh2+ 26. Kg4 Qg6+
27. Kf4 Rxh4+ 28. Ke5 Rh5+ 0-1

[Event "44º Torneo Internacional de Ajedrez de La Roda"]
[Site "La Roda (Albacete) - ESPAÑA"]
[Date "2017.04.15"]
[Round "6"]
[Board "4"]
[White "Perez Candelario, Manuel"]
[Black "Burmakin, Vladimir"]
[Result "1-0"]
[WhiteElo "2576"]
[BlackElo "2518"]
[PlyCount "107"]
[EventDate "2017.04.12"]
[EventRounds "9"]
[EventCountry "ESP"]

1. e4 c6 2. d4 d5 3. e5 Bf5 4. h4 h6 5. g4 Bd7 6. Nc3 Qc8 7. Be2 e6 8. Be3 c5
9. dxc5 Bxc5 10. Qd2 Ne7 11. h5 a6 12. f4 b5 13. Nd1 Bxe3 14. Nxe3 Qc5 15. Nf3
Nbc6 16. O-O-O Qb4 17. Qxb4 Nxb4 18. a3 Nbc6 19. g5 O-O-O 20. c3 Kc7 21. gxh6
Rxh6 22. Ng5 Rf8 23. Ng4 Rhh8 24. Bd3 Ng8 25. Nh7 Re8 26. Rdg1 Re7 27. h6 gxh6
28. Nxh6 Nxh6 29. Rxh6 Ree8 30. Rg7 Nd8 31. Rh3 Rhg8 32. Rhg3 Rxg7 33. Rxg7 Bc6
34. Kd2 Re7 35. Ke3 Kc8 36. Ng5 Be8 37. Rg8 Bd7 38. Be2 Re8 39. Rg7 Rf8 40. Nh7
Re8 41. Bh5 Re7 42. Kf3 a5 43. Kg4 b4 44. axb4 axb4 45. Kg5 Be8 46. Rg8 bxc3
47. bxc3 Bb5 48. Kf6 Rd7 49. Ng5 d4 50. cxd4 Kc7 51. Nxf7 Rxd4 52. Rxd8 Rxf4+
53. Ke7 Rf5 54. Bg6 1-0

[Event "44º Torneo Internacional de Ajedrez de La Roda"]
[Site "La Roda (Albacete) - ESPAÑA"]
[Date "2017.04.15"]
[Round "6"]
[Board "5"]
[White "Shevchenko, Kirill"]
[Black "Peralta, Fernando"]
[Result "0-1"]
[WhiteElo "2491"]
[BlackElo "2565"]
[PlyCount "60"]
[EventDate "2017.04.12"]
[EventRounds "9"]
[EventCountry "ESP"]

1. e4 e6 2. d4 d5 3. Nd2 c5 4. Ngf3 cxd4 5. Nxd4 Nc6 6. Bb5 Bd7 7. Nxc6 bxc6 8.
Bd3 Qc7 9. Qe2 Ne7 10. Nf3 Ng6 11. e5 Rb8 12. O-O Be7 13. c4 dxc4 14. Bxg6 hxg6
15. Bg5 c5 16. Bxe7 Kxe7 17. Rfd1 Bc6 18. Ng5 Rhd8 19. f4 Rxd1+ 20. Rxd1 Rd8
21. Rf1 Rd4 22. Nf3 Bxf3 23. Qxf3 Qb6 24. Qf2 Kf8 25. Rc1 Qd8 26. Rf1 Qd5 27.
Qf3 Rd2 28. b3 c3 29. Rc1 Qxf3 30. gxf3 c2 0-1

[Event "44º Torneo Internacional de Ajedrez de La Roda"]
[Site "La Roda (Albacete) - ESPAÑA"]
[Date "2017.04.15"]
[Round "6"]
[Board "6"]
[White "Garcia Martin, Marta"]
[Black "Gharamian, Tigran"]
[Result "0-1"]
[WhiteElo "2323"]
[BlackElo "2625"]
[PlyCount "74"]
[EventDate "2017.04.12"]
[EventRounds "9"]
[EventCountry "ESP"]

1. e4 c6 2. d4 d5 3. e5 Bf5 4. Nf3 e6 5. Be2 Ne7 6. O-O Ng6 7. Ne1 h5 8. Bd3
Be7 9. Bxf5 exf5 10. Nd3 Nf8 11. Nd2 Ne6 12. Nb3 Na6 13. Bd2 Nac7 14. a4 Kf8
15. Qe1 Kg8 16. f4 Kh7 17. Rf3 g6 18. Qe2 b6 19. c3 c5 20. Ne1 Qd7 21. Nc2 Rhb8
22. Be3 c4 23. Nd2 b5 24. Nf1 bxa4 25. Bc1 Rb6 26. Nfe3 Rab8 27. g3 Nb5 28. h3
a3 29. g4 axb2 30. Bxb2 Nbxd4 31. cxd4 Rxb2 32. Qe1 hxg4 33. hxg4 fxg4 34. Rf1
Ng7 35. f5 gxf5 36. Qf2 Bg5 37. Nd1 R2b3 0-1

[Event "44º Torneo Internacional de Ajedrez de La Roda"]
[Site "La Roda (Albacete) - ESPAÑA"]
[Date "2017.04.15"]
[Round "6"]
[Board "7"]
[White "Korneev, Oleg"]
[Black "Domingo Nunez, Alejandro"]
[Result "1-0"]
[WhiteElo "2594"]
[BlackElo "2268"]
[PlyCount "149"]
[EventDate "2017.04.12"]
[EventRounds "9"]
[EventCountry "ESP"]

1. e4 e6 2. d4 d5 3. Nd2 Nf6 4. e5 Nfd7 5. Bd3 c5 6. c3 b6 7. Nh3 Ba6 8. Bxa6
Nxa6 9. O-O Nc7 10. Nf4 g6 11. Nf3 Be7 12. Nh3 h6 13. Nf4 c4 14. b3 b5 15. Qc2
Nb6 16. Be3 Qd7 17. b4 a5 18. a3 axb4 19. axb4 O-O-O 20. h4 Rdg8 21. h5 g5 22.
Ne2 g4 23. Nh2 Kb7 24. Ng3 Ne8 25. Qe2 Na4 26. Rac1 f5 27. exf6 Nxf6 28. Bf4
Bd6 29. Be5 Bxe5 30. dxe5 Ne8 31. Nxg4 Qg7 32. Nh2 Nc7 33. Rfd1 Rf8 34. Rd4 Qg5
35. Rc2 Rf4 36. Nf3 Qg4 37. Rxf4 Qxf4 38. Qe3 Rf8 39. Qxf4 Rxf4 40. Ne2 Re4 41.
Ned4 Kc8 42. Kh2 Kd7 43. Kh3 Ke8 44. g4 Kf8 45. Kg3 Kg8 46. Rc1 Kf8 47. g5 Kg7
48. g6 Kg8 49. Rc2 Kg7 50. Ne2 Kg8 51. Nf4 Kg7 52. Rc1 Kg8 53. Nh2 Kg7 54. Ng4
d4 55. cxd4 Rxd4 56. Nf6 Rd2 57. Kf3 Nb2 58. Ne4 Nd3 59. Nxd2 Nxc1 60. Ne4 Na2
61. Nc5 Nxb4 62. Nfxe6+ Nxe6 63. Nxe6+ Kg8 64. Nd4 c3 65. Ke4 Nc6 66. Nb3 c2
67. f4 Na5 68. Nc1 b4 69. e6 Nc6 70. f5 Kg7 71. Kd5 Ne7+ 72. Ke5 Nc6+ 73. Kd6
Nd4 74. e7 Nxf5+ 75. Kd7 1-0

[Event "44º Torneo Internacional de Ajedrez de La Roda"]
[Site "La Roda (Albacete) - ESPAÑA"]
[Date "2017.04.15"]
[Round "6"]
[Board "8"]
[White "Escudero Manzano, Sergio"]
[Black "Cifuentes Parada, Roberto"]
[Result "0-1"]
[WhiteElo "2298"]
[BlackElo "2467"]
[PlyCount "126"]
[EventDate "2017.04.12"]
[EventRounds "9"]
[EventCountry "ESP"]

1. e4 c5 2. Nf3 Nc6 3. c4 g6 4. Nc3 Bg7 5. Be2 d6 6. O-O e5 7. a3 Nge7 8. Rb1
O-O 9. b4 b6 10. d3 h6 11. Ne1 f5 12. Nc2 f4 13. Bg4 h5 14. Bxc8 Rxc8 15. f3 g5
16. Nd5 Ng6 17. Bb2 Qd7 18. Qe2 Kh7 19. g3 Bh6 20. Qg2 Rf7 21. Kh1 Rcf8 22. Rf2
Nd8 23. Rg1 Ne6 24. Qh3 fxg3 25. hxg3 Rxf3 26. Rxf3 Rxf3 27. Qxh5 Ng7 28. Qh2
Ne7 29. Kg2 Rf8 30. Rh1 Ng8 31. Nce3 cxb4 32. axb4 Qa4 33. Ra1 Qd7 34. b5 Ne6
35. Nf5 Nc5 36. Nde7 Rxf5 37. Nxf5 Nxd3 38. Bc1 Qb7 39. Nxd6 Qd7 40. Ba3 Qg4
41. Rf1 Nf4+ 42. Kh1 Nh5 43. Kg2 Nf4+ 44. Kf2 Qe2+ 45. Kg1 Qe3+ 46. Kh1 Ne2 47.
Rf7+ Kg6 48. Qf2 Nxg3+ 49. Kg2 Qxa3 50. Rd7 Nf6 51. Rc7 Qxd6 52. Rc6 Ngxe4 53.
Rxd6 Nxf2 54. Kxf2 Bf8 55. Rc6 Bc5+ 56. Ke2 Kf5 57. Rc7 Ne4 58. Rxa7 Nd6 59.
Kd3 e4+ 60. Ke2 Nxc4 61. Rf7+ Ke6 62. Rg7 Kf6 63. Rg8 Nd6 0-1

[Event "44º Torneo Internacional de Ajedrez de La Roda"]
[Site "La Roda (Albacete) - ESPAÑA"]
[Date "2017.04.15"]
[Round "6"]
[Board "9"]
[White "Suarez Gomez, Julio"]
[Black "Alshameary Puente, Ismael"]
[Result "1-0"]
[WhiteElo "2460"]
[BlackElo "2317"]
[PlyCount "89"]
[EventDate "2017.04.12"]
[EventRounds "9"]
[EventCountry "ESP"]

1. e4 e5 2. Nf3 Nc6 3. Bc4 Nf6 4. d3 Be7 5. O-O O-O 6. Bb3 d6 7. c3 d5 8. Qe2
dxe4 9. dxe4 Bg4 10. h3 Bh5 11. Rd1 Qc8 12. Nbd2 Bg6 13. Nh4 Bh5 14. g4 Bg6 15.
Nxg6 hxg6 16. Re1 Nd7 17. Nf3 Bd6 18. Be3 Nc5 19. Bd5 Ne6 20. Rad1 Qe8 21. Ng5
Nxg5 22. Bxg5 Rb8 23. Kg2 Nd8 24. Rh1 Ne6 25. h4 c6 26. Bb3 Bc7 27. Rh2 Bd8 28.
Rdh1 b5 29. Bc1 Nf4+ 30. Bxf4 exf4 31. g5 Qe5 32. h5 Bxg5 33. hxg6 Bh6 34. Rh5
Qe7 35. Qf3 c5 36. Bd5 Rb6 37. gxf7+ Rxf7 38. Rf5 Rg6+ 39. Kf1 Rgf6 40. Rxf6
Qxf6 41. Qh5 c4 42. Qxf7+ Qxf7 43. Bxf7+ Kxf7 44. Rh5 a6 45. f3 1-0

[Event "44º Torneo Internacional de Ajedrez de La Roda"]
[Site "La Roda (Albacete) - ESPAÑA"]
[Date "2017.04.15"]
[Round "6"]
[Board "10"]
[White "Espinosa Aranda, Angel"]
[Black "Galiana Fernandez, Adrian"]
[Result "1-0"]
[WhiteElo "2446"]
[BlackElo "2250"]
[PlyCount "135"]
[EventDate "2017.04.12"]
[EventRounds "9"]
[EventCountry "ESP"]

1. Nf3 c5 2. c4 Nc6 3. Nc3 Nf6 4. e3 e6 5. d4 cxd4 6. exd4 Bb4 7. Bd3 b6 8. O-O
O-O 9. Bg5 Bxc3 10. bxc3 Ba6 11. Ne5 Qc7 12. Bxf6 gxf6 13. Qg4+ Kh8 14. Qh5 f5
15. Nxf7+ Kg7 16. Ng5 h6 17. Nf3 Ne7 18. Rae1 Ng6 19. Ne5 Rf6 20. Re3 Nxe5 21.
dxe5 Rg6 22. Qh4 Kh7 23. Rd1 Rag8 24. Bf1 R8g7 25. f3 Qc8 26. Rd4 Qc5 27. Qf2
Bb7 28. Re1 Bc6 29. Rf4 Qa3 30. Qd2 Qc5+ 31. Kh1 Qf8 32. g3 Rg5 33. Bg2 Rh5 34.
Kg1 Qc5+ 35. Rd4 Qa5 36. Re2 Rhg5 37. Qe3 R5g6 38. Red2 Qa3 39. Kf2 Qc1 40. Rd1
Qb2+ 41. Qd2 Qa3 42. Bf1 Qf8 43. Be2 Qa8 44. Qe3 Rg5 45. f4 Rg4 46. Rg1 h5 47.
h4 Kh6 48. Bxg4 hxg4 49. Rd6 Bf3 50. Qd2 Qc8 51. Qd4 Qa6 52. Qd2 Qxc4 53. Rb1
Qe4 54. Rb4 Qb7 55. Rbd4 Bg2 56. Kg1 Bh3 57. Rxd7 Qf3 58. Qf2 Qxc3 59. Rxg7
Kxg7 60. Kh2 Qc8 61. Qd2 a5 62. Rd8 Qc6 63. Qd7+ Qxd7 64. Rxd7+ Kf8 65. Rb7 Bf1
66. Rxb6 Bc4 67. a3 a4 68. Kg1 1-0

[Event "44º Torneo Internacional de Ajedrez de La Roda"]
[Site "La Roda (Albacete) - ESPAÑA"]
[Date "2017.04.15"]
[Round "6"]
[Board "11"]
[White "Ramiro Ovejero, Juan Luis"]
[Black "Rottenwohrer Suarez, Juan"]
[Result "1-0"]
[WhiteElo "2398"]
[BlackElo "2173"]
[PlyCount "88"]
[EventDate "2017.04.12"]
[EventRounds "9"]
[EventCountry "ESP"]

1. e4 c5 2. Nf3 g6 3. c3 Bg7 4. d4 cxd4 5. cxd4 d5 6. e5 Nc6 7. Bb5 Nh6 8.
Bxc6+ bxc6 9. O-O O-O 10. Re1 Ba6 11. Nc3 Qa5 12. Bd2 Nf5 13. Na4 Qb5 14. Rc1
f6 15. Nc5 Bc8 16. Rc3 fxe5 17. Rb3 Qc4 18. Rb4 Qxa2 19. Bc3 exd4 20. Ra4 Qxa4
21. Qxa4 dxc3 22. Qxc6 Rb8 23. Qxd5+ Kh8 24. bxc3 Bxc3 25. Rc1 Bf6 26. Ne5 Rb6
27. h3 Kg7 28. Re1 Rd6 29. Qa2 a6 30. Nf3 Nh4 31. Nd2 Bf5 32. Nde4 Rc6 33. Qd5
Bxe4 34. Rxe4 Rd6 35. Qc4 Rb8 36. Rxh4 Bxh4 37. Qxh4 Rb1+ 38. Kh2 Rf6 39. Nd7
Rf7 40. Qd4+ Kg8 41. Ne5 Rf8 42. Ng4 h5 43. Qe4 Rb6 44. Nh6+ Kh7 1-0